000 00341nam a22001577a 4500
003 SGT
020 _a9789356962354
082 _a610.7262
_bP24D
100 _aDATTA, PARUL
245 _aPEDIATRIC NURSING
250 _a6TH
260 _aINDIA
_bJAYPEE PUB
_c2024
300 _a522
650 _aPEDIATRIC NURSING
942 _2ddc
_cBK
_036
999 _c27498
_d27498